000 00537nam a2200181 i 4500
001 30536
003 ES-MaACL
007 t|
008 030124q1910 xxk ||||1| eng d
100 1 _aBartholomew, John George.
_926131
245 1 0 _aA literary & historical Atlas of Europe /
_cJohn George Bartholomew.
260 _aLondon :
_b[s.n.,
_c1910?] (
_fJ. de Dent)
300 _aXIV, 254 p. ;
_c18 cm.
490 1 _aEvery Man's Library
830 0 _aEvery Man's Library
_9229209
852 _aES-MaACL
_jG-3545
999 _c30536
_d30536